000 00287nam a22001337a 4500
008 170613b xxu||||| |||| 00| 0 eng d
020 _a9780312149901
041 _aeng
080 _23RD
_a94
100 _a17
101 _aSHH
245 _aWORLD SECURITY
_cKLARE,M.T
942 _2udc
_cBK
999 _c17153
_d17153